Technika a didaktika školských pokusov z chémie /

Hlavní autor: Prokša, Miroslav
Korporativní autor: Univerzita Komenského v Bratislave. Prírodovedecká fakulta
Další autoři: Silný, Peter, 1948-, Brestenská, Beáta, 1955-
Jazyk: Slovenština
Vydáno: Bratislava : Vydavateľstvo UK, 1998
Vydání: 2. preprac. vyd.
Témata:
Fyzický popis: 198 s. : il. ; 29 cm
Knihy
Uloženo v:
LEADER 01485nam a2200361 a 4500
001 000400474
003 CZ BrMZK
005 20190726062051.0
008 980107s1998 xo e p slo d
020 |a 80-223-1258-4 
040 |a BOA001  |b cze 
072 7 |a 54  |x Chemie. Mineralogické vědy  |2 Konspekt  |9 10 
072 7 |a 37.016  |x Učební osnovy. Vyučovací předměty. Učebnice  |2 Konspekt  |9 22 
080 |a 54  |2 MRF 
080 |a 54:001.891.5  |2 MRF 
080 |a 37.016.026  |2 MRF 
080 |a (075.8)  |2 MRF 
100 1 |a Prokša, Miroslav  |7 mzk2005289869  |4 aut 
245 1 0 |a Technika a didaktika školských pokusov z chémie /  |c Miroslav Prokša, [Beáta Brestenská, Peter Silný] 
250 |a 2. preprac. vyd. 
260 |a Bratislava :  |b Vydavateľstvo UK,  |c 1998 
300 |a 198 s. :  |b il. ;  |c 29 cm 
500 |a Vyd. Univ. Komenského. - Bibliogr. - Rozmn. - Určeno pro posl. Přírodověd. fak. 
650 0 7 |a chemie  |7 ph114237  |2 czenas 
650 0 7 |a chemické pokusy  |7 ph153078  |2 czenas 
650 0 7 |a předmětová didaktika  |7 ph162893  |2 czenas 
655 7 |a učebnice vysokých škol  |7 fd133772  |2 czenas 
700 1 |a Silný, Peter,  |d 1948-  |7 mzk2004239422  |4 aut 
700 1 |a Brestenská, Beáta,  |d 1955-  |7 mzk2004239424  |4 aut 
710 2 |a Univerzita Komenského v Bratislave.  |b Prírodovedecká fakulta  |7 kn20010710363 
910 |a BOA001  |b PK-N-0034.416 
990 |a BK 
996 7 |b 3119016058  |c PK-N-0034.416  |l MZK  |r Sklad / do 1 hodiny  |n 6  |p vým  |w 000400474  |u 000010  |a 1  |e BOA001  |j MZK50  |s A